Импульсный метод определения частотных характеристик преобразователей тока; Молодежь и современные информационные технологии; Т. 1
| Parent link: | Молодежь и современные информационные технологии: сборник трудов XII Всероссийской научно-практической конференции студентов, аспирантов и молодых ученых, г. Томск, 12-14 ноября 2014 г./ Национальный исследовательский Томский политехнический университет (ТПУ), Институт кибернетики (ИК) ; ред. кол. Е. А. Сикора [и др.].— , 2014 Т. 1.— 2014.— [С. 406-407] |
|---|---|
| Glavni autor: | |
| Autor kompanije: | |
| Daljnji autori: | |
| Sažetak: | Заглавие с титульного экрана |
| Jezik: | ruski |
| Izdano: |
2014
|
| Serija: | Интеллектуальные и виртуальные системы |
| Teme: | |
| Online pristup: | http://earchive.tpu.ru/handle/11683/20192 http://www.lib.tpu.ru/fulltext/c/2014/C04/V1/194.pdf |
| Format: | Elektronički Poglavlje knjige |
| KOHA link: | https://koha.lib.tpu.ru/cgi-bin/koha/opac-detail.pl?biblionumber=610719 |
MARC
| LEADER | 00000naa2a2200000 4500 | ||
|---|---|---|---|
| 001 | 610719 | ||
| 005 | 20231101132624.0 | ||
| 035 | |a (RuTPU)RU\TPU\conf\8352 | ||
| 035 | |a RU\TPU\conf\8349 | ||
| 090 | |a 610719 | ||
| 100 | |a 20150203d2014 k y0rusy50 ca | ||
| 101 | 0 | |a rus | |
| 102 | |a RU | ||
| 105 | |a y z 101zy | ||
| 135 | |a drcn ---uucaa | ||
| 181 | 0 | |a i | |
| 182 | 0 | |a b | |
| 200 | 1 | |a Импульсный метод определения частотных характеристик преобразователей тока |f Н. Е. Руднева, А. И. Заревич | |
| 203 | |a Текст |c электронный | ||
| 225 | 1 | |a Интеллектуальные и виртуальные системы | |
| 230 | |a 1 компьютерный файл (pdf; 459 Kb) | ||
| 300 | |a Заглавие с титульного экрана | ||
| 320 | |a [Библиогр.: с. 407 (6 назв.)] | ||
| 337 | |a Adobe Reader | ||
| 461 | 1 | |0 (RuTPU)RU\TPU\conf\7802 |t Молодежь и современные информационные технологии |o сборник трудов XII Всероссийской научно-практической конференции студентов, аспирантов и молодых ученых, г. Томск, 12-14 ноября 2014 г. |o в 2 т. |f Национальный исследовательский Томский политехнический университет (ТПУ), Институт кибернетики (ИК) ; ред. кол. Е. А. Сикора [и др.] |d 2014 | |
| 463 | 0 | |0 (RuTPU)RU\TPU\conf\7790 |t Т. 1 |v [С. 406-407] |d 2014 | |
| 610 | 1 | |a труды учёных ТПУ | |
| 610 | 1 | |a электронный ресурс | |
| 610 | 1 | |a импульсные методы | |
| 610 | 1 | |a частотные характеристики | |
| 610 | 1 | |a преобразователи тока | |
| 610 | 1 | |a сильноточные шунты | |
| 700 | 1 | |a Руднева |b Н. Е. | |
| 701 | 1 | |a Заревич |b А. И. |c российский ученый, специалист в области компьютерных измерительных систем |c доцент Томского политехнического университета, кандидат технических наук |f 1977- |g Антон Иванович |2 stltpush |3 (RuTPU)RU\TPU\pers\27983 | |
| 712 | 0 | 2 | |a Национальный исследовательский Томский политехнический университет (ТПУ) |b Институт кибернетики (ИК) |b Кафедра компьютерных измерительных систем и метрологии (КИСМ) |h 66 |2 stltpush |3 (RuTPU)RU\TPU\col\18706 |
| 801 | 2 | |a RU |b 63413507 |c 20210319 |g RCR | |
| 856 | 4 | |u http://earchive.tpu.ru/handle/11683/20192 | |
| 856 | 4 | |u http://www.lib.tpu.ru/fulltext/c/2014/C04/V1/194.pdf | |
| 942 | |c BK | ||